ბათუმის შოთა რუსთაველის სახელმწიფო უნივერსიტეტის ბიბლიოთეკა

როგორ (ბიბ.ჩანაწერი № 42187)

000 -LEADER
fixed length control field 00555nam a2200205Ia 4500
001 - CONTROL NUMBER
control field 8880
003 - CONTROL NUMBER IDENTIFIER
control field GE_BSU
008 - FIXED-LENGTH DATA ELEMENTS--GENERAL INFORMATION
fixed length control field 181216s||||||||xx |||||||||||||| ||und||
040 ## - CATALOGING SOURCE
Transcribing agency GE_BSU
080 ## - UNIVERSAL DECIMAL CLASSIFICATION NUMBER
Universal Decimal Classification number 821.353.1–2
100 ## - MAIN ENTRY--PERSONAL NAME
Personal name კალაძე,კარლო
245 ## - TITLE STATEMENT
Title როგორ
245 ## - TITLE STATEMENT
Remainder of title დრამა ოთხ ნაწილად
260 ## - PUBLICATION, DISTRIBUTION, ETC.
Place of publication, distribution, etc. ტბილისი
260 ## - PUBLICATION, DISTRIBUTION, ETC.
Name of publisher, distributor, etc. პ/სკ.სტ
260 ## - PUBLICATION, DISTRIBUTION, ETC.
Date of publication, distribution, etc. 1933
300 ## - PHYSICAL DESCRIPTION
Extent 94გვ.14სმ.
653 ## - INDEX TERM--UNCONTROLLED
Uncontrolled term დრამა ოთხ ნაწილად
942 ## - ADDED ENTRY ELEMENTS (KOHA)
Koha item type წიგნი
ეგზემპლარები
Withdrawn status Lost status Damaged status Not for loan Date acquired Barcode Date last seen Price effective from Koha item type
        2018-12-17 31389 2018-12-17 2018-12-17 წიგნი
        2018-12-17 31390 2018-12-17 2018-12-17 წიგნი
        2018-12-17 31391 2018-12-17 2018-12-17 წიგნი
        2018-12-17 31392 2018-12-17 2018-12-17 წიგნი
        2018-12-17 31393 2018-12-17 2018-12-17 წიგნი
        2018-12-17 31394 2018-12-17 2018-12-17 წიგნი